000 00542nam a22001817a 4500
005 20251108172038.0
008 250721s1994 xx 000 0 ara d
082 1 4 _a216.9242/محم
100 1 _aطنطاوي، محمد سيد
245 1 0 _a20 سؤالا و جوابا /
264 1 _aالقاهرة :
_bالهيئة المصرية العامة للكتاب،
_c1994.
300 _a103ص
490 0 _aكتاب اليوم
650 1 7 _aالبنوك الإسلامية
650 1 7 _aالفتوى
942 _2ddc
_cBK
999 _c69060
_d69060